Vplyv kvality povýrobných služieb na zákazníka bakalárska práca

Saved in:
Bibliographic Details
Main Author: Šúň, Miloslav
Corporate Author: Fakulta podnikového manažmentu EU. Katedra manažmentu výroby a logistiky - zrušená
Other Authors: Leščišin, Michal
Format: Book
Language:Slovak
Published: Bratislava 2011
Tags: Add Tag
No Tags, Be the first to tag this record!

MARC

LEADER 00000nbm a2200000 4500
001 0140270
005 20161109111715.6
041 0 |a slo 
044 |a SK 
245 1 0 |a Vplyv kvality povýrobných služieb na zákazníka  |b bakalárska práca  |c Miloslav Šúň ; školiteľ:Michal Leščišin 
264 1 |a Bratislava  |c 2011 
300 |a 43 s. 
100 1 |a Šúň, Miloslav 
700 1 |a Leščišin, Michal 
710 2 |a Fakulta podnikového manažmentu EU. Katedra manažmentu výroby a logistiky - zrušená